[Event "SF Augsburg 1-SG PS Regensburg 1"]
[Site "?"]
[Date "2023.10.22"]
[Round "1.3"]
[White "Pohl-Kuemmel, Jens-Uwe"]
[Black "Vuckovic, Aleksandar"]
[Result "1/2-1/2"]
[WhiteElo "2222"]
[BlackElo "2339"]
[PlyCount "30"]
[EventDate "2023.??.??"]
[WhiteTeam "SG PS Regensburg 1"]
[BlackTeam "SF Augsburg 1"]

1. Nf3 d5 2. d4 e6 3. c4 Nf6 4. Nc3 a6 5. cxd5 exd5 6. Bg5 Be7 7. Qc2 h6 8. Bxf6 Bxf6 9. e3 O-O 10. Bd3 Re8 11. O-O c6 12. b4 Bg4 13. Nd2 Nd7 14. a4 Rc8 15. Rfc1 Nf8 1/2-1/2

[Event "SF Augsburg 1-SG PS Regensburg 1"]
[Site "?"]
[Date "2023.10.22"]
[Round "1.4"]
[White "Vuckovic, Zarko"]
[Black "Quast, Michael"]
[Result "1-0"]
[WhiteElo "2358"]
[BlackElo "2211"]
[PlyCount "153"]
[EventDate "2023.??.??"]
[WhiteTeam "SF Augsburg 1"]
[BlackTeam "SG PS Regensburg 1"]

1. e4 e5 2. Nf3 Nf6 3. Nxe5 d6 4. Nd3 Nxe4 5. Qe2 Qe7 6. Nf4 c6 7. f3 Nc5 8. Qxe7+ Bxe7 9. d4 Ne6 10. c3 Nxf4 11. Bxf4 Be6 12. Nd2 Na6 13. Nc4 Kd7 14. h4 h6 15. Bg3 Nc7 16. Bd3 Nd5 17. Kf2 f5 18. h5 b5 19. Nd2 Bg5 20. Nf1 b4 21. c4 Nf4 22. Bxf4 Bxf4 23. Ne3 Rhf8 24. a3 a5 25. axb4 axb4 26. d5 Bxe3+ 27. Kxe3 cxd5 28. Rxa8 Rxa8 29. cxd5 Bxd5 30. Bxf5+ Be6 31. Bxe6+ Kxe6 32. Rh4 Rb8 33. Kd3 Rb7 34. Kc4 d5+ 35. Kb3 Ke5 36. Rxb4 Rc7 37. f4+ Kd6 38. Rb8 Rc4 39. Rd8+ Ke6 40. g3 Rc7 41. Re8+ Kd6 42. Re2 Rb7+ 43. Kc3 Kc5 44. Re8 d4+ 45. Kc2 Kc4 46. b3+ Kd5 47. Re5+ Kd6 48. g4 Rf7 49. Re4 Rc7+ 50. Kd2 Kd5 51. Re5+ Kd6 52. Kd3 Rc3+ 53. Kxd4 Rxb3 54. Ke4 Rb7 55. Kf3 Rb3+ 56. Re3 Rb1 57. f5 Kd7 58. Re6 Rb3+ 59. Kf4 Rb4+ 60. Kg3 Rb3+ 61. Kh4 Rb7 62. Rg6 Ke8 63. f6 gxf6 64. Rxf6 Rh7 65. Kg3 Ke7 66. Ra6 Rh8 67. Kf4 Rf8+ 68. Ke5 Rf1 69. Rxh6 Kf7 70. Rh7+ Kg8 71. Ra7 Rf2 72. g5 Rf1 73. h6 Rf2 74. g6 Re2+ 75. Kf4 Re8 76. Ra5 Rb8 77. Kg5 1-0

[Event "SF Augsburg 1-SG PS Regensburg 1"]
[Site "?"]
[Date "2023.10.22"]
[Round "1.5"]
[White "Hitzler, Philipp"]
[Black "Lavrinenkov, Vadim"]
[Result "1/2-1/2"]
[WhiteElo "2229"]
[BlackElo "2286"]
[PlyCount "105"]
[EventDate "2023.??.??"]
[WhiteTeam "SG PS Regensburg 1"]
[BlackTeam "SF Augsburg 1"]

1. d4 Nf6 2. Nf3 d5 3. c4 e6 4. Nc3 dxc4 5. e3 a6 6. a4 c5 7. Bxc4 Nc6 8. O-O Be7 9. dxc5 Qxd1 10. Rxd1 Bxc5 11. Nd2 O-O 12. Nce4 Be7 13. b3 Rd8 14. Bb2 Nd5 15. Rac1 Ncb4 16. Nf3 Bd7 17. Bxd5 Nxd5 18. Nc5 Bc8 19. a5 f6 20. e4 Nf4 21. Rxd8+ Bxd8 22. Ra1 e5 23. g3 Ne6 24. Nd3 b6 25. Nd2 bxa5 26. Bc3 Bb7 27. f3 Bb6+ 28. Kf1 Rd8 29. Nb2 Bc6 30. Nbc4 Bb5 31. Kg2 Bd4 32. Bxd4 Nxd4 33. Rxa5 Nxb3 34. Nxb3 Bxc4 35. Nc5 Rc8 36. f4 exf4 37. gxf4 Rc6 38. f5 Kf7 39. Kf3 Ke7 40. Ke3 Kd6 41. e5+ fxe5 42. Ne4+ Kc7 43. Rxe5 Kb6 44. Kd4 Bb5 45. Re7 Rc7 46. Rxc7 Kxc7 47. f6 gxf6 48. Nxf6 h6 49. h4 Kd6 50. Ng4 h5 51. Nf6 Be2 52. Nxh5 Bxh5 53. Kc4 1/2-1/2

[Event "SF Augsburg 1-SG PS Regensburg 1"]
[Site "?"]
[Date "2023.10.22"]
[Round "1.8"]
[White "Abdic, Adnan"]
[Black "Gruber, Roland"]
[Result "1-0"]
[WhiteElo "2160"]
[BlackElo "2093"]
[PlyCount "85"]
[EventDate "2023.??.??"]
[WhiteTeam "SF Augsburg 1"]
[BlackTeam "SG PS Regensburg 1"]

1. e4 g6 2. d4 Bg7 3. Nf3 d6 4. h3 e6 5. Bg5 Ne7 6. Nc3 b6 7. Qd2 h6 8. Bf4 Bb7 9. Bb5+ Nd7 10. O-O-O a6 11. Bd3 b5 12. Rhe1 Nb6 13. Qe3 b4 14. Ne2 Qd7 15. Kb1 a5 16. c4 Ba6 17. Rc1 Na4 18. Red1 Rd8 19. g4 c5 20. e5 cxd4 21. Nexd4 d5 22. c5 Bc4 23. Nb3 Qa7 24. Bxc4 dxc4 25. Rxd8+ Kxd8 26. Rxc4 Nd5 27. Rd4 Kc8 28. Qd3 Rd8 29. Bd2 Qd7 30. Qa6+ Qb7 31. Qxb7+ Kxb7 32. Nxa5+ Kc7 33. Nb3 Rb8 34. Rc4 Bf8 35. Nfd4 g5 36. a3 Bg7 37. axb4 Bxe5 38. b5 Bxd4 39. Nxd4 Ra8 40. b3 e5 41. Nf5 Nab6 42. cxb6+ Kxb6 43. Nd6 1-0

[Event "SC NT Nuernberg 1-SK Tarrasch Muenchen 1"]
[Site "?"]
[Date "2023.10.22"]
[Round "1.1"]
[White "Maksimenko, Andrei"]
[Black "Milov, Leonid"]
[Result "1/2-1/2"]
[WhiteElo "2453"]
[BlackElo "2427"]
[PlyCount "28"]
[EventDate "2023.??.??"]
[WhiteTeam "SK Tarrasch München 1"]
[BlackTeam "SC NT Nürnberg 1"]

1. d4 d5 2. c4 dxc4 3. e3 Nf6 4. Bxc4 e6 5. Nf3 a6 6. O-O b5 7. Bd3 c5 8. a4 bxa4 9. Rxa4 Bb7 10. Qe2 cxd4 11. Rxd4 Nbd7 12. Nc3 Bc5 13. Ra4 Bxf3 14. gxf3 a5 1/2-1/2

[Event "SC NT Nuernberg 1-SK Tarrasch Muenchen 1"]
[Site "?"]
[Date "2023.10.22"]
[Round "1.2"]
[White "Yelisieiev, Yevhenii"]
[Black "Das, Soham"]
[Result "1-0"]
[WhiteElo "2387"]
[BlackElo "2374"]
[PlyCount "85"]
[EventDate "2023.??.??"]
[WhiteTeam "SC NT Nürnberg 1"]
[BlackTeam "SK Tarrasch München 1"]

1. Nf3 Nf6 2. d4 g6 3. g3 Bg7 4. Bg2 O-O 5. O-O d6 6. b3 c5 7. Bb2 Nc6 8. d5 Nb4 9. c4 Bf5 10. Nbd2 Ne4 11. Bxg7 Kxg7 12. Nxe4 Bxe4 13. Bh3 Bxf3 14. exf3 e5 15. dxe6 Nc6 16. Re1 Qf6 17. f4 Nd4 18. exf7 Rxf7 19. Bg2 Raf8 20. Bd5 Rc7 21. Qd2 Qf5 22. Rad1 Qg4 23. Kg2 h6 24. h3 Qf5 25. Re4 Qf6 26. Rde1 b6 27. b4 Qd8 28. Qe3 Nf5 29. Qc3+ Nd4 30. b5 Kh7 31. a4 Rg7 32. h4 Qd7 33. Qd3 Qf5 34. Qd1 Qf6 35. Qg4 Nc2 36. Rc1 Nd4 37. a5 bxa5 38. Qd1 Re7 39. Ra1 Rxe4 40. Bxe4 Re8 41. Qd3 d5 42. Bxd5 Nb3 43. Ra3 1-0

[Event "SC NT Nuernberg 1-SK Tarrasch Muenchen 1"]
[Site "?"]
[Date "2023.10.22"]
[Round "1.3"]
[White "Meier, Volker"]
[Black "Hrebenshchykova, Yelyzaveta"]
[Result "1/2-1/2"]
[WhiteElo "2190"]
[BlackElo "2300"]
[PlyCount "78"]
[EventDate "2023.??.??"]
[WhiteTeam "SK Tarrasch München 1"]
[BlackTeam "SC NT Nürnberg 1"]

1. d4 Nf6 2. c4 e6 3. Nf3 d5 4. Nc3 Bb4 5. Qa4+ Nc6 6. e3 O-O 7. Bd2 Re8 8. Qc2 a6 9. h3 e5 10. dxe5 Nxe5 11. Nxd5 Nxf3+ 12. gxf3 Nxd5 13. cxd5 Bf8 14. Bc4 b5 15. Bb3 Bb7 16. O-O-O Bxd5 17. Ba5 Bxb3 18. Rxd8 Bxc2 19. Rxa8 Rxa8 20. Kxc2 Bd6 21. Rd1 Re8 22. f4 Re6 23. Kd3 Rh6 24. Rh1 f5 25. Bc3 Kf7 26. b3 Rh4 27. a4 h6 28. axb5 axb5 29. Be5 g5 30. Bxd6 cxd6 31. fxg5 hxg5 32. Ra1 Rxh3 33. Ra5 f4 34. Rxb5 fxe3 35. fxe3 Rg3 36. b4 Ke6 37. Ke4 Rg4+ 38. Kf3 Rc4 39. Rxg5 Rxb4 1/2-1/2

[Event "SC NT Nuernberg 1-SK Tarrasch Muenchen 1"]
[Site "?"]
[Date "2023.10.22"]
[Round "1.4"]
[White "Kirchner, Thomas"]
[Black "Bolduan, Sebastian"]
[Result "1/2-1/2"]
[WhiteElo "2258"]
[BlackElo "2156"]
[PlyCount "40"]
[EventDate "2023.??.??"]
[WhiteTeam "SC NT Nürnberg 1"]
[BlackTeam "SK Tarrasch München 1"]

1. e4 e6 2. d4 d5 3. Bd3 c5 4. exd5 exd5 5. Nf3 Nf6 6. O-O c4 7. Be2 Bd6 8. b3 cxb3 9. axb3 O-O 10. c4 Nc6 11. Nc3 Bb4 12. Bb2 Bg4 13. h3 Bh5 14. Ne5 Bxc3 15. Bxc3 Bxe2 16. Qxe2 Qc7 17. Rfd1 a6 18. Qf3 Rad8 19. Rac1 Qb6 20. c5 Qb5 1/2-1/2

[Event "SC NT Nuernberg 1-SK Tarrasch Muenchen 1"]
[Site "?"]
[Date "2023.10.22"]
[Round "1.5"]
[White "Koester, Roman"]
[Black "Promyshlyanskyy, Vitaliy"]
[Result "0-1"]
[WhiteElo "2045"]
[BlackElo "2259"]
[PlyCount "66"]
[EventDate "2023.??.??"]
[WhiteTeam "SK Tarrasch München 1"]
[BlackTeam "SC NT Nürnberg 1"]

1. d4 Nf6 2. Bf4 g6 3. Nc3 Bg7 4. e4 d6 5. Qd2 Nc6 6. O-O-O O-O 7. Bh6 e5 8. Bxg7 Kxg7 9. Nf3 Bg4 10. dxe5 dxe5 11. Qe3 Nd4 12. h3 Bxf3 13. gxf3 Nh5 14. Nb5 c5 15. c3 Qc8 16. Nd6 Qc7 17. Nc4 Ne6 18. Qe1 Rfd8 19. Ne3 Nhf4 20. Nd5 Qa5 21. Kb1 b5 22. h4 b4 23. cxb4 cxb4 24. Bc4 Qc5 25. Rc1 Rac8 26. Qe3 a5 27. Bb3 Qb5 28. Rhd1 h5 29. Rxc8 Rxc8 30. Nb6 Rc5 31. Nd7 Rc7 32. Bxe6 Nxe6 33. Qb6 Qe2 0-1

[Event "SC NT Nuernberg 1-SK Tarrasch Muenchen 1"]
[Site "?"]
[Date "2023.10.22"]
[Round "1.6"]
[White "Heimrath, Reiner"]
[Black "Lipinsky, Markus"]
[Result "1/2-1/2"]
[WhiteElo "2163"]
[BlackElo "1988"]
[PlyCount "86"]
[EventDate "2023.??.??"]
[WhiteTeam "SC NT Nürnberg 1"]
[BlackTeam "SK Tarrasch München 1"]

1. e4 c5 2. Nc3 e6 3. g3 a6 4. Bg2 Qc7 5. Nge2 Nf6 6. d3 Nc6 7. O-O Be7 8. h3 d6 9. a3 O-O 10. f4 b5 11. g4 b4 12. Nb1 Ne8 13. f5 exf5 14. gxf5 Ne5 15. axb4 cxb4 16. d4 Nc6 17. c4 Bf6 18. Kh1 Bb7 19. b3 a5 20. Bf4 Qb6 21. Be3 a4 22. Rxa4 Rxa4 23. bxa4 Na5 24. Qd3 Ba6 25. Nd2 d5 26. exd5 Nd6 27. Rc1 Rc8 28. Ng3 Naxc4 29. Nge4 Nxe3 30. Rxc8+ Bxc8 31. Nxd6 Qxd6 32. Qxe3 Bxf5 33. Nc4 Qe7 34. Qxe7 Bxe7 35. d6 Bd8 36. a5 Bc8 37. Nb6 Ba6 38. Bd5 Kf8 39. Nd7+ Ke8 40. Nc5 Bb5 41. a6 Bb6 42. Kh2 Bxc5 43. dxc5 Bxa6 1/2-1/2

[Event "SC NT Nuernberg 1-SK Tarrasch Muenchen 1"]
[Site "?"]
[Date "2023.10.22"]
[Round "1.7"]
[White "Schwan, Aaron"]
[Black "Kabatianski, Alexander"]
[Result "1/2-1/2"]
[WhiteElo "2028"]
[BlackElo "2269"]
[PlyCount "88"]
[EventDate "2023.??.??"]
[WhiteTeam "SK Tarrasch München 1"]
[BlackTeam "SC NT Nürnberg 1"]

1. e4 e6 2. d4 d5 3. Bd3 dxe4 4. Bxe4 Nf6 5. Bf3 c5 6. Ne2 Nc6 7. Be3 cxd4 8. Nxd4 Nd5 9. Nxc6 bxc6 10. c4 Nb4 11. a3 Nd3+ 12. Ke2 Ne5 13. Qxd8+ Kxd8 14. Rd1+ Bd7 15. Be4 Kc8 16. Nd2 f5 17. Bf3 Be7 18. Bd4 Bf6 19. c5 Re8 20. Bxe5 Bxe5 21. Nc4 Bc7 22. Rxd7 Kxd7 23. Rd1+ Ke7 24. Bxc6 Red8 25. Bxa8 Rxa8 26. b4 a6 27. g3 e5 28. Ne3 Ke6 29. Nd5 Bd8 30. a4 Rc8 31. Ne3 Be7 32. Nc4 g5 33. f3 Rb8 34. Nb6 a5 35. b5 Bxc5 36. Nd7 Rc8 37. b6 Bd6 38. b7 Rc2+ 39. Kf1 Rb2 40. Rxd6+ Kxd6 41. b8=Q+ Rxb8 42. Nxb8 Kc7 43. Na6+ Kb6 44. Nb8 Kc7 1/2-1/2

[Event "SC NT Nuernberg 1-SK Tarrasch Muenchen 1"]
[Site "?"]
[Date "2023.10.22"]
[Round "1.8"]
[White "Epding, Olaf"]
[Black "Daoud, Marcel"]
[Result "1-0"]
[WhiteElo "2107"]
[BlackElo "1952"]
[PlyCount "81"]
[EventDate "2023.??.??"]
[WhiteTeam "SC NT Nürnberg 1"]
[BlackTeam "SK Tarrasch München 1"]

1. e4 e6 2. d4 d5 3. Nc3 Nf6 4. e5 Nfd7 5. f4 a6 6. Nf3 c5 7. Be3 Nc6 8. Qd2 b5 9. dxc5 Nxc5 10. a3 Be7 11. Qf2 Nd7 12. Bd3 f6 13. O-O O-O 14. exf6 Nxf6 15. Nd4 Na5 16. Qe2 Qd6 17. Rad1 e5 18. fxe5 Qxe5 19. Bf2 Qxe2 20. Bxe2 Bc5 21. b4 Bxd4 22. Bxd4 Nc4 23. a4 Nb2 24. Ra1 Nxa4 25. Nxa4 bxa4 26. Rxa4 Ne4 27. Rxf8+ Kxf8 28. b5 Rb8 29. b6 Ra8 30. c4 Bb7 31. cxd5 a5 32. Bf3 Nd2 33. Bc5+ Ke8 34. Be2 Nb3 35. Bb5+ Kf7 36. Rf4+ Kg6 37. Bd3+ Kh6 38. Be3 g5 39. Rh4+ Kg7 40. Rxh7+ Kf6 41. Rxb7 1-0

[Event "SC Groebenzell 1-SC 1868 Bamberg 1"]
[Site "?"]
[Date "2023.11.19"]
[Round "2.1"]
[White "Kolb, Tobias"]
[Black "Schuster, Karsten"]
[Result "1-0"]
[WhiteElo "2329"]
[BlackElo "2305"]
[PlyCount "99"]
[EventDate "2023.??.??"]
[WhiteTeam "SC 1868 Bamberg 1"]
[BlackTeam "SC Gröbenzell 1"]

1. e4 c6 2. d4 d5 3. e5 Bf5 4. Nd2 e6 5. Nb3 Nd7 6. Nf3 Ne7 7. Be2 Bg4 8. O-O Qc7 9. c3 c5 10. Nxc5 Nxc5 11. dxc5 Bxf3 12. Bxf3 Nc6 13. b4 Nxe5 14. Be2 g6 15. Bf4 Bg7 16. Bb5+ Kf8 17. Re1 f6 18. Bg3 Qf7 19. f4 Nc6 20. f5 e5 21. Qf3 Ne7 22. Bd7 gxf5 23. Bxf5 Rd8 24. Rf1 Kg8 25. Bxe5 Nxf5 26. Qxf5 Qd7 27. Bxf6 Qxf5 28. Rxf5 Bxf6 29. Rxf6 Kg7 30. Raf1 Rd7 31. Re6 Rhd8 32. h3 Kg8 33. Rf4 d4 34. cxd4 Rxd4 35. Rxd4 Rxd4 36. a3 Rd7 37. c6 bxc6 38. Rxc6 Rf7 39. b5 Kf8 40. a4 Ke8 41. Ra6 Rd7 42. Kh2 Kd8 43. Kg3 Kc8 44. Kh4 Kb7 45. g4 Rd3 46. Rh6 Rd7 47. Kh5 Kb8 48. h4 Ka8 49. g5 Kb8 50. Rf6 1-0

[Event "SC Groebenzell 1-SC 1868 Bamberg 1"]
[Site "?"]
[Date "2023.11.19"]
[Round "2.2"]
[White "Hoy, Bernd"]
[Black "Burdalev, Kirill"]
[Result "1/2-1/2"]
[WhiteElo "2187"]
[BlackElo "2386"]
[PlyCount "131"]
[EventDate "2023.??.??"]
[WhiteTeam "SC Gröbenzell 1"]
[BlackTeam "SC 1868 Bamberg 1"]

1. e4 e6 2. d4 d5 3. e5 c5 4. c3 Nc6 5. g3 Qa5 6. Nd2 cxd4 7. Nb3 Qb6 8. cxd4 a5 9. a4 Bb4+ 10. Ke2 f6 11. f4 Nge7 12. Bh3 O-O 13. Nf3 Bd7 14. Be3 Be8 15. Bxe6+ Kh8 16. exf6 Rxf6 17. Bh3 Bg6 18. Rf1 Nf5 19. Bxf5 Bxf5 20. Kf2 Bg4 21. Qd3 Bf5 22. Qb5 Qc7 23. Rac1 Qf7 24. Kg1 Re8 25. Ne5 Qh5 26. Rf2 Be4 27. Qe2 Qh3 28. Qg4 Qxg4 29. Nxg4 Rff8 30. Ne5 Bf5 31. Rff1 Nxe5 32. fxe5 b6 33. Bd2 Be7 34. Rc6 Bh3 35. Rf2 Rxf2 36. Kxf2 Rf8+ 37. Ke1 Bd8 38. Be3 Bd7 39. Rd6 Bxa4 40. Nd2 Bc7 41. Re6 Kg8 42. Re7 Rf7 43. Rxf7 Kxf7 44. Nf3 h6 45. g4 Bd7 46. h3 Bd8 47. Ng1 b5 48. Ne2 g5 49. Ng3 Kg6 50. Kd2 b4 51. b3 Be7 52. Kc2 Bf8 53. Bd2 Be6 54. Be1 Bg8 55. Kb2 Kf7 56. Nf5 Ke6 57. h4 Bh7 58. hxg5 hxg5 59. Nd6 Bxd6 60. exd6 Be4 61. Bd2 Bf3 62. Bxg5 Kd7 63. Bf4 Bxg4 64. Bg3 Bf5 65. Bh4 Bh7 66. Bg5 1/2-1/2

[Event "SC Groebenzell 1-SC 1868 Bamberg 1"]
[Site "?"]
[Date "2023.11.19"]
[Round "2.3"]
[White "Pribyl, Josef"]
[Black "Grawe, Christian"]
[Result "1/2-1/2"]
[WhiteElo "2206"]
[BlackElo "2197"]
[PlyCount "29"]
[EventDate "2023.??.??"]
[WhiteTeam "SC 1868 Bamberg 1"]
[BlackTeam "SC Gröbenzell 1"]

1. e4 c6 2. d4 d5 3. e5 Bf5 4. Nf3 e6 5. Be2 c5 6. c3 Nc6 7. O-O cxd4 8. cxd4 Nge7 9. Nc3 Nc8 10. Bg5 Be7 11. Bxe7 Qxe7 12. a3 O-O 13. Rc1 Nb6 14. h3 h6 15. Na4 1/2-1/2

[Event "SC Groebenzell 1-SC 1868 Bamberg 1"]
[Site "?"]
[Date "2023.11.19"]
[Round "2.4"]
[White "Kempter, Ronald"]
[Black "Hofmann, Lorenz"]
[Result "1/2-1/2"]
[WhiteElo "2167"]
[BlackElo "2138"]
[PlyCount "99"]
[EventDate "2023.??.??"]
[WhiteTeam "SC Gröbenzell 1"]
[BlackTeam "SC 1868 Bamberg 1"]

1. Nf3 Nf6 2. g3 b5 3. Bg2 Bb7 4. d4 e6 5. O-O c5 6. c3 a6 7. a4 Qb6 8. Bg5 Ne4 9. Be3 d5 10. Nbd2 Nxd2 11. Qxd2 Nc6 12. axb5 axb5 13. Rxa8+ Bxa8 14. Ra1 Bb7 15. Bf1 c4 16. Qc2 Be7 17. Bf4 O-O 18. Bg2 Ra8 19. Qb1 b4 20. Nd2 Rxa1 21. Qxa1 Qa5 22. Qxa5 Nxa5 23. Bc7 Nb3 24. Nxc4 bxc3 25. bxc3 Ba6 26. Ne3 Bxe2 27. Bf1 Bxf1 28. Kxf1 Kf8 29. Ke2 Ke8 30. g4 Kd7 31. Be5 f6 32. Bg3 Ba3 33. Kd3 Na5 34. h4 Bc1 35. Nc2 Nc4 36. Nb4 Ba3 37. Nc2 Bd6 38. Bxd6 Kxd6 39. Ne3 Nxe3 40. fxe3 f5 41. gxf5 exf5 42. c4 dxc4+ 43. Kxc4 g6 44. d5 h6 45. Kd4 g5 46. hxg5 hxg5 47. e4 fxe4 48. Kxe4 g4 49. Kf4 Kxd5 50. Kxg4 1/2-1/2

[Event "SC Groebenzell 1-SC 1868 Bamberg 1"]
[Site "?"]
[Date "2023.11.19"]
[Round "2.5"]
[White "Ploehn, Heiko"]
[Black "Pieper, Thomas"]
[Result "0-1"]
[WhiteElo "2118"]
[BlackElo "2156"]
[PlyCount "26"]
[EventDate "2023.??.??"]
[WhiteTeam "SC 1868 Bamberg 1"]
[BlackTeam "SC Gröbenzell 1"]

1. d4 Nf6 2. Nc3 d5 3. Bf4 a6 4. e3 Bf5 5. f3 e6 6. g4 Bg6 7. h4 h6 8. Bd3 Bxd3 9. cxd3 Bd6 10. Nge2 Bxf4 11. Nxf4 Qd6 12. Kf2 Nc6 13. a3 Nxd4 0-1

[Event "SC Groebenzell 1-SC 1868 Bamberg 1"]
[Site "?"]
[Date "2023.11.19"]
[Round "2.6"]
[White "Golder, Waldemar"]
[Black "Mittag, Ralf"]
[Result "1-0"]
[WhiteElo "2029"]
[BlackElo "2113"]
[PlyCount "221"]
[EventDate "2023.??.??"]
[WhiteTeam "SC Gröbenzell 1"]
[BlackTeam "SC 1868 Bamberg 1"]

1. e4 g6 2. d4 Bg7 3. Nc3 d6 4. Be3 a6 5. a4 Nc6 6. f4 Nf6 7. Be2 O-O 8. Nf3 Ng4 9. Bg1 e5 10. d5 Ne7 11. h3 Nf6 12. fxe5 dxe5 13. Be3 Nh5 14. O-O Ng3 15. Re1 Nxe2+ 16. Qxe2 Bd7 17. Rad1 Nc8 18. Nd2 Re8 19. Rf1 Nd6 20. Nc4 Rb8 21. Nxd6 cxd6 22. Qf2 Rf8 23. Bb6 Qc8 24. Rd3 f5 25. Rf3 Qc4 26. b3 Qb4 27. exf5 e4 28. Na2 Qa3 29. f6 exf3 30. fxg7 Rf7 31. Nc3 Qb4 32. Bd4 Re8 33. Na2 Qa5 34. Nc3 Qd8 35. Qg3 fxg2 36. Rxf7 Kxf7 37. Kxg2 Bf5 38. Qf4 Kg8 39. Qf2 Qg5+ 40. Kh2 Qc1 41. h4 h5 42. b4 Bxc2 43. Na2 Qd1 44. Nc3 Qd3 45. Qf4 Bd1 46. Qh6 Bg4 47. Qh8+ Kf7 48. Qxe8+ Kxe8 49. g8=Q+ Ke7 50. Qg7+ Ke8 51. Qh8+ Kf7 52. Qf6+ Ke8 53. Bf2 Qh3+ 54. Kg1 Bf5 55. Qd4 Kf7 56. Ne2 Qf3 57. Qe3 Qxd5 58. Nd4 Be4 59. Qb3 Qxb3 60. Nxb3 Bc2 61. Na5 Bxa4 62. Nxb7 d5 63. Nc5 Bb5 64. Bd4 Bc4 65. Kf2 Ke7 66. Be5 Kf7 67. Kg3 Be2 68. Kf4 Bc4 69. Bd4 Bb5 70. Ke5 Bc4 71. Ne6 Ke7 72. Nf4 Kf7 73. Nxd5 g5 74. hxg5 Kg6 75. Ne3 Be2 76. Kf4 h4 77. Nf5 h3 78. Bg1 Bd3 79. Nh4+ Kh5 80. Nf3 Be2 81. Nh2 Bd3 82. Be3 Be2 83. Kg3 Kg6 84. Kxh3 Kf5 85. Kg3 Ke4 86. Bd2 Kd3 87. Be1 Bh5 88. Kf4 Ke2 89. Bc3 Kd3 90. Be5 Kc4 91. Bd6 Kb5 92. Kf5 a5 93. bxa5 Kxa5 94. Nf1 Kb6 95. Ng3 Be8 96. Ne2 Kc6 97. Ke6 Bg6 98. Nd4+ Kb7 99. Kf6 Bh5 100. Ne6 Kc6 101. Nf4 Bd1 102. Ba3 Bc2 103. Nh5 Kd7 104. Ng7 Bb1 105. Nf5 Ba2 106. g6 Bb3 107. g7 Bg8 108. Nh6 Bh7 109. Kf7 Bd3 110. Kf8 Bh7 111. Nf7 1-0

[Event "SC Groebenzell 1-SC 1868 Bamberg 1"]
[Site "?"]
[Date "2023.11.19"]
[Round "2.7"]
[White "Wichmann, Adrian"]
[Black "Foessmeier, Ulrich Johann"]
[Result "1-0"]
[WhiteElo "2084"]
[BlackElo "2162"]
[PlyCount "51"]
[EventDate "2023.??.??"]
[WhiteTeam "SC 1868 Bamberg 1"]
[BlackTeam "SC Gröbenzell 1"]

1. e4 e6 2. Qe2 Be7 3. d3 d5 4. g3 Nf6 5. Bg2 dxe4 6. dxe4 e5 7. Nf3 Nbd7 8. Nbd2 c6 9. b3 Bb4 10. Bb2 Qe7 11. a3 Bxd2+ 12. Nxd2 O-O 13. a4 Nc5 14. Nc4 Nfd7 15. Qe3 b6 16. Qc3 f6 17. Ne3 a5 18. Nf5 Qe6 19. Qf3 g6 20. Ne3 Ba6 21. h4 Qf7 22. h5 Ne6 23. Qg4 Ndc5 24. Nf5 Qe8 25. hxg6 hxg6 26. Qh4 1-0

[Event "SC Groebenzell 1-SC 1868 Bamberg 1"]
[Site "?"]
[Date "2023.11.19"]
[Round "2.8"]
[White "Scheckenbach, Franz"]
[Black "Krauseneck, Peter"]
[Result "1-0"]
[WhiteElo "2015"]
[BlackElo "2013"]
[PlyCount "121"]
[EventDate "2023.??.??"]
[WhiteTeam "SC Gröbenzell 1"]
[BlackTeam "SC 1868 Bamberg 1"]

1. e4 e6 2. d4 d5 3. e5 c5 4. c3 Qb6 5. Nf3 Nc6 6. Bd3 Bd7 7. O-O cxd4 8. Re1 Nge7 9. h4 h6 10. h5 a6 11. Nbd2 dxc3 12. bxc3 Na5 13. Ba3 Nec6 14. Bxf8 Rxf8 15. Qe2 f5 16. Rab1 Qc7 17. Nh4 Ne7 18. Rec1 b5 19. a4 Nc4 20. Ndf3 Kf7 21. axb5 axb5 22. Nd4 Ra5 23. f4 Rfa8 24. Qe1 Qc5 25. Nhf3 Ra2 26. Kh1 R8a4 27. Bc2 R4a3 28. Bb3 Rb2 29. Rxb2 Nxb2 30. Qe2 Na4 31. Qd2 Nb6 32. Qe1 Nc6 33. Nxc6 Rxb3 34. Ncd4 Ra3 35. Qg3 Kf8 36. Qg6 Rxc3 37. Rxc3 Qxc3 38. Nxe6+ Bxe6 39. Qxe6 Qc1+ 40. Ng1 Qc5 41. Qxf5+ Kg8 42. Qe6+ Kf8 43. f5 d4 44. f6 Nd5 45. fxg7+ Kxg7 46. Qg6+ Kf8 47. Qxh6+ Ke7 48. Qg5+ Ke6 49. Nf3 Ne3 50. Qf6+ Kd5 51. Qf7+ Ke4 52. e6 Qc1+ 53. Ng1 Nf5 54. e7 Ng3+ 55. Kh2 Nf1+ 56. Kh3 Qc8+ 57. g4 Qc3+ 58. Qf3+ Qxf3+ 59. Nxf3 Kxf3 60. e8=Q d3 61. Qxb5 1-0

[Event "SK Weilheim 1-SK Schwandorf 1"]
[Site "?"]
[Date "2023.11.19"]
[Round "2.1"]
[White "Zvara, Petr"]
[Black "Lehner, Oliver"]
[Result "0-1"]
[WhiteElo "2335"]
[BlackElo "2394"]
[PlyCount "48"]
[EventDate "2023.??.??"]
[WhiteTeam "SK Schwandorf 1"]
[BlackTeam "SK Weilheim 1"]

1. Nf3 d5 2. e3 c5 3. c4 e6 4. cxd5 exd5 5. d4 a6 6. Nc3 Nf6 7. Be2 Nc6 8. O-O Bd6 9. dxc5 Bxc5 10. b3 O-O 11. Bb2 Ba7 12. Bd3 Bg4 13. Ne2 Re8 14. Rc1 Ne4 15. Bxa6 Nxf2 16. Rxf2 Bxe3 17. Bxb7 Bxf2+ 18. Kxf2 Bxf3 19. gxf3 Qb6+ 20. Nd4 Rxa2 21. Bxc6 Rxb2+ 22. Kf1 Rd8 23. Qd3 Rxh2 24. Re1 Rh4 0-1

[Event "SK Weilheim 1-SK Schwandorf 1"]
[Site "?"]
[Date "2023.11.19"]
[Round "2.2"]
[White "Guttenthaler, Franz"]
[Black "Barth, Norbert"]
[Result "1/2-1/2"]
[WhiteElo "2300"]
[BlackElo "2221"]
[PlyCount "26"]
[EventDate "2023.??.??"]
[WhiteTeam "SK Weilheim 1"]
[BlackTeam "SK Schwandorf 1"]

1. d4 d5 2. c4 e6 3. Nc3 h6 4. Nf3 Nf6 5. cxd5 exd5 6. Bf4 Bd6 7. Bxd6 Qxd6 8. Qc2 O-O 9. e3 Nc6 10. a3 a6 11. h3 Ne7 12. Bd3 g6 13. O-O Bf5 1/2-1/2

[Event "SK Weilheim 1-SK Schwandorf 1"]
[Site "?"]
[Date "2023.11.19"]
[Round "2.3"]
[White "Votruba, Pavel"]
[Black "Deglmann, Ludwig"]
[Result "1/2-1/2"]
[WhiteElo "2222"]
[BlackElo "2208"]
[PlyCount "35"]
[EventDate "2023.??.??"]
[WhiteTeam "SK Schwandorf 1"]
[BlackTeam "SK Weilheim 1"]

1. Nf3 c5 2. c4 Nc6 3. d4 cxd4 4. Nxd4 Qb6 5. Nxc6 bxc6 6. g3 h5 7. Be3 g6 8. Bg2 Bg7 9. Qc2 Rb8 10. Nc3 Qb4 11. O-O Ba6 12. Bf4 e5 13. Bg5 Bxc4 14. Rad1 Nf6 15. b3 Be6 16. Na4 Bf5 17. Qc5 Qxc5 18. Nxc5 1/2-1/2

[Event "SK Weilheim 1-SK Schwandorf 1"]
[Site "?"]
[Date "2023.11.19"]
[Round "2.4"]
[White "de Francesco, Klaus"]
[Black "Schmidt, Oliver"]
[Result "1-0"]
[WhiteElo "2126"]
[BlackElo "2020"]
[PlyCount "93"]
[EventDate "2023.??.??"]
[WhiteTeam "SK Weilheim 1"]
[BlackTeam "SK Schwandorf 1"]

1. e4 c5 2. c3 Nf6 3. e5 Nd5 4. Nf3 Nc6 5. Bc4 Nb6 6. Bb3 d5 7. exd6 Qxd6 8. O-O Be6 9. Bxe6 Qxe6 10. a4 Qd7 11. a5 Nd5 12. d4 cxd4 13. Nxd4 e6 14. a6 b6 15. Nb5 Rc8 16. Qe2 Na5 17. Nd2 Be7 18. b4 Nc6 19. Nf3 O-O 20. Rd1 Bf6 21. Bb2 Qe7 22. g3 Rfd8 23. Rd2 Nc7 24. Rad1 Rxd2 25. Rxd2 Nxb5 26. Qxb5 Qc7 27. c4 Bxb2 28. Rxb2 Rd8 29. Rd2 Rxd2 30. Nxd2 g6 31. Ne4 Nd4 32. Nf6+ Kf8 33. Qe8+ Kg7 34. Qg8+ Kxf6 35. Qh8+ Ke7 36. Qxd4 Qc8 37. b5 h5 38. h4 Qc7 39. Kh2 Qd8 40. Qe4 Qd7 41. Kg2 Kf6 42. Qf3+ Kg7 43. Qc6 Qd4 44. c5 e5 45. cxb6 e4 46. bxa7 Qd3 47. Qc5 1-0